20 drapeaux du monde ; Couleurs Inversées #2 - Statistiques

Statistiques générales
  • Ce quiz a été pris 90 fois
  • Le résultat moyen est 17 sur 20
Statistiques - réponses
Par images Réponse % Correct
Turquie
99%
Albanie
98%
Etats Unis
98%
Brésil
95%
Japon
95%
Sri Lanka
92%
France
90%
Equateur
89%
Mexique
87%
Andorre
86%
Monténégro
85%
Lettonie
82%
Malaisie
80%
Ukraine
79%
Italie
78%
République Dominicaine
74%
Belgique
70%
Autriche
69%
Irlande
67%
Botswana
59%
Aucun quiz correspondant
Distribution des résultats
% des personnes avec chaque résultat
Percentile par nombre de réponses
Votre historique - résultats
Vous n’avez pas pris ce quiz